header

Capitalism from below (Record no. 59875)

MARC details
000 -LEADER
fixed length control field 01805nam a2200385 a 4500
082 04 - DEWEY DECIMAL CLASSIFICATION NUMBER
Classification number 330.951
100 1# - MAIN ENTRY--AUTHOR NAME
Personal name Nee, Victor,
245 10 - TITLE STATEMENT
Title Capitalism from below
260 ## - PUBLICATION, DISTRIBUTION, ETC. (IMPRINT)
Place of publication Cambridge, Mass. :
Name of publisher Harvard University Press,
Year of publication 2012.
300 ## - PHYSICAL DESCRIPTION
Number of Pages xv, 431 p. :
Other physical details ill.
505 0# - FORMATTED CONTENTS NOTE
Formatted contents note Where do economic institutions come from? -- Markets and endogenous institutional change -- The epicenter of bottom-up capitalism -- Entrepreneurs and institutional innovation -- Legitimacy and organizational change -- Industrial clusters and competitive advantage -- The development of labor markets -- Institutions of innovation -- Political economy of capitalism.
650 #0 - SUBJECT ADDED ENTRY--TOPICAL TERM
Topical Term Capitalism
Topical Term Entrepreneurship
Topical Term Industrial policy
700 1# - ADDED ENTRY--PERSONAL NAME
Personal name Opper, Sonja.
856 40 - ELECTRONIC LOCATION AND ACCESS
Uniform Resource Identifier http://site.ebrary.com/lib/rucke/Doc?id=10678690

No items available.

© 2026 Rongo University
Contact us: librarian | system librarian | Rongo university